Sivil toplum, demokrasi ve İslam dünyası (Record no. 8139)

MARC details
000 -BAŞLIK
Sabit Uzunlukta Kontrol Alanı 00850na a2200289 4500
001 - KONTROL NUMARASI
Denetim Alanı 13225
003 - KONTROL NUMARASI IDENTIFIER
Denetim Alanı MIRAKIL
005 - SON İŞLEM TARİHİ VE ZAMANI
Denetim Alanı 20181213155201.0
008 - SABİT-BOY VERİ ELEMANLARI - GENEL BİLGİLER
Sabit Uzunlukta Kontrol Alanı 161102b tu 000 0
020 ## - ULUSLARARASI STANDART KİTAP NUMARASI
Uluslararası Standart Kitap Numarası 9753331029
035 ## - SİSTEM KONTROL NUMARASI
Sistem Kontrol Numarası 13225
040 ## - KATALOGLAMA KAYNAK
Orijinal Kataloglama Ajansı Milas
Kataloglama Dili tur
Metne Dönüştürmek Ajansı TR-AnCHP
082 ## - DEWEY ONLU SINIFLANDIRMA NUMARASI
Sınıflandırma Numarası 321.8
Ürün Numarası S58 1998
090 ## - SINIFLAMA NUMARASI
Sınıflama Numarası 321.8 S58 1998
245 ## - BAŞLIK TABLOSU
Başlık Sivil toplum, demokrasi ve İslam dünyası
Sorumluluk Tablosu, Vb editörler: Elisabeth Özdalga, Sune Persson ; çeviri: Ahmet Fethi
260 ## - YAYIN, DAĞITIM, VB
Yayın, Dağıtım, Vb Yeri İstanbul
Yayıncı, Dağıtıcı, Vs Adı Tarih Vakfı Yurt
Yayın, Dağıtım, Vb Tarihi 1998
300 ## - FİZİKSEL TANIM
Kapsam x. 190 s.
Boyutlar 20 sm.
650 ## - KONU KATMA GİRİŞ - TOPİKAL DÖNEM
Topikal Süreli Veya Coğrafi Ad Giriş Elemanı İslam ve siyaset
650 ## - KONU KATMA GİRİŞ - TOPİKAL DÖNEM
Topikal Süreli Veya Coğrafi Ad Giriş Elemanı Siyasal kültür
650 ## - KONU KATMA GİRİŞ - TOPİKAL DÖNEM
Topikal Süreli Veya Coğrafi Ad Giriş Elemanı Sivil toplum
650 ## - KONU KATMA GİRİŞ - TOPİKAL DÖNEM
Topikal Süreli Veya Coğrafi Ad Giriş Elemanı Demokrasi
Genel Alt Bölümü İslam ülkeleri
651 ## - KONU KATMA GİRİŞ - COĞRAFİ ADI
Coğrafi İsim İslam ülkeleri
Genel Alt Bölümü Siyaset ve yönetim
700 ## - KATMA GİRİŞ - KİŞİSEL İSİM
Kişisel Ad Fethi, Ahmet
700 ## - KATMA GİRİŞ - KİŞİSEL İSİM
Kişisel Ad Persson, Sune
700 ## - KATMA GİRİŞ - KİŞİSEL İSİM
Kişisel Ad Özdalga, Elisabeth
942 ## - EKLENDİ GİRİŞ ELEMANLARI (KOHA)
Sınıflandırma Veya Raf Düzeni Kaynak Dewey Decimal Classification
Koha Öğesi Türü Books
999 ## - SİSTEM KONTROL NUMARALARI (KOHA)
Koha Biblionumber 8139
Koha Biblioitemnumber 8139
Holdings
Kalıcı Konum Mevcut Konum Edinme Tarihi Edinim Kaynak Toplam Check-Out'Lar Tam Çağrı Numarası Barkod Tarih Son Görülme İtibaren Geçerli Fiyatlar Koha Öğesi Türü
CHP Kütüphanesi CHP Kütüphanesi 08/11/2016 Bağış   321.8 S58 1998 001002 08/11/2016 08/11/2016 Books